Statistics for Countries with Highest Public Debt

Click here to take the quiz!

General Stats

  • This quiz has been taken 43 times
  • The average score is 9 of 20

Answer Stats

%Country% Correct
106.22United States
100%
99.31France
92%
176.64Greece
89%
133.15Italy
89%
96.41Spain
87%
117.55Portugal
84%
237.69Japan
79%
101.01Belgium
61%
96.07Cyprus
32%
114.41Singapore
26%
207.00Sudan
24%
94.59Jordan
18%
94.99Angola
16%
101.71Bahrain
16%
155.13Lebanon
16%
108.82Mozambique
11%
123.47Cape Verde
8%
165.11Eritrea
8%
108.64Bhutan
5%
115.41Barbados
3%

Score Distribution

Percentile by Number Answered

Percent of People with Each Score

Your Score History

You have not taken this quiz